000 01054nam a2200229Ia 4500
001 16591
003 GE_BSU
008 181216s||||||||xx |||||||||||||| ||und||
040 _cGE_BSU
080 _a821.353.1-1 + 821.353.1-11 + 821.353.1-32 + 821-1
100 _aიაშვილი, პ.
245 _aლექსები, პოემა, მოთხრობები, თარგმანები
245 _b[ირ. აბაშიძის შესავ. წერილით]
245 _cშემდგ.: შ. დემეტრაძე. რედ. ი აბაშიძე. მხ. ი. ჯანაშვილი
260 _aთბილისი
260 _bსაბჭ. მწერალი
260 _c1959
300 _a496გვ. : 2ფ. პორტრ. და ილ. ; 21სმ
300 _eბიბლიოგრ. შენიშვნებში. გვ. 483-488
653 _aლექსები, პოემა, მოთხრობები, თარგმანები
942 _cBK
999 _c49659
_d49659